Realising exemplary practice-based education (Record no. 11988)
[ view plain ]
| 000 -LEADER | |
|---|---|
| fixed length control field | 01486nam a2200373Ia 4500 |
| 245 00 - TITLE STATEMENT | |
| Title | Realising exemplary practice-based education |
| 260 ## - PUBLICATION, DISTRIBUTION, ETC. (IMPRINT) | |
| Place of publication | Rotterdam : |
| Name of publisher | Sense Publishers, |
| Year of publication | c2013. |
| 300 ## - PHYSICAL DESCRIPTION | |
| Number of Pages | xi, 304 p. : |
| Other physical details | ill. |
| 490 1# - SERIES STATEMENT | |
| Series statement | Practice, education, work and society ; |
| 500 ## - GENERAL NOTE | |
| General note | Editors: Joy Higgs, Dale Sheehan, Julie Baldry Currens, Wil Letts and Gail M. Jensen. |
| 650 #0 - SUBJECT ADDED ENTRY--TOPICAL TERM | |
| Topical Term | Research |
| Topical Term | Education |
| 700 1# - ADDED ENTRY--PERSONAL NAME | |
| Personal name | Higgs, Joy. |
| 856 40 - ELECTRONIC LOCATION AND ACCESS | |
| Uniform Resource Identifier | http://site.ebrary.com/lib/rucke/Doc?id=10687669 |
No items available.
